<?xml version="1.0" encoding="UTF-8"?>
<record
    xmlns:xsi="http://www.w3.org/2001/XMLSchema-instance"
    xsi:schemaLocation="http://www.loc.gov/MARC21/slim http://www.loc.gov/standards/marcxml/schema/MARC21slim.xsd"
    xmlns="http://www.loc.gov/MARC21/slim">

  <leader>01827nam a2200385 a 4500</leader>
  <controlfield tag="001">000000406</controlfield>
  <controlfield tag="003">DO-SdBNP</controlfield>
  <controlfield tag="005">20210416073024.0</controlfield>
  <controlfield tag="007">000000406</controlfield>
  <controlfield tag="008">081028s2006    dr a          000 0 spa d</controlfield>
  <datafield tag="020" ind1=" " ind2=" ">
    <subfield code="a">8492243503</subfield>
  </datafield>
  <datafield tag="040" ind1=" " ind2=" ">
    <subfield code="a">BPMSU</subfield>
    <subfield code="b">spa</subfield>
    <subfield code="c">BPMSU</subfield>
  </datafield>
  <datafield tag="082" ind1=" " ind2="4">
    <subfield code="a">465</subfield>
    <subfield code="b">G216m.2006</subfield>
    <subfield code="2">22</subfield>
  </datafield>
  <datafield tag="100" ind1="1" ind2=" ">
    <subfield code="a">Garc&#xED;a, Bartolo</subfield>
  </datafield>
  <datafield tag="245" ind1="1" ind2="0">
    <subfield code="a">Morfosintaxis funcional del espa&#xF1;ol :</subfield>
    <subfield code="b">teor&#xED;a-an&#xE1;lisis-producci&#xF3;n /</subfield>
    <subfield code="c">Bartolo Garc&#xED;a, Rafael N&#xFA;&#xF1;ez, Julio de los Santos.</subfield>
  </datafield>
  <datafield tag="250" ind1=" " ind2=" ">
    <subfield code="a">6a ed.</subfield>
  </datafield>
  <datafield tag="260" ind1=" " ind2=" ">
    <subfield code="a">Santo Domingo :</subfield>
    <subfield code="b">Surco ,</subfield>
    <subfield code="c">2006.</subfield>
  </datafield>
  <datafield tag="300" ind1=" " ind2=" ">
    <subfield code="a">351 p. :</subfield>
    <subfield code="b">il. ;</subfield>
    <subfield code="c">23 cm.</subfield>
  </datafield>
  <datafield tag="505" ind1="0" ind2=" ">
    <subfield code="t">Prefacio --</subfield>
    <subfield code="t">Nota a la cuarta edici&#xF3;n --</subfield>
    <subfield code="t">Cap&#xED;tulo introductorio --</subfield>
    <subfield code="t">Ling&#xFC;&#xED;stica y visi&#xF3;n de la lengua --</subfield>
    <subfield code="g">Primera parte:</subfield>
    <subfield code="t">morfolog&#xED;a --</subfield>
    <subfield code="t">Morfolog&#xED;a y sint&#xE1;xis y las dem&#xE1;s disciplinas de la ling&#xFC;&#xED;stica --</subfield>
    <subfield code="t">Categor&#xED;as formales --</subfield>
    <subfield code="t">Relaci&#xF3;n significante-significado --</subfield>
    <subfield code="t">El morfema --</subfield>
    <subfield code="t">Morfolog&#xED;a verbal --</subfield>
    <subfield code="g">Segunda parte:</subfield>
    <subfield code="t">an&#xE1;lisis de la oraci&#xF3;n simple --</subfield>
    <subfield code="t">La oraci&#xF3;n --</subfield>
    <subfield code="t">El sujeto --</subfield>
    <subfield code="t">El predicado --</subfield>
    <subfield code="t">Visi&#xF3;n hol&#xED;stica del an&#xE1;lisis sint&#xE1;ctico --</subfield>
    <subfield code="g">Tercera parte:</subfield>
    <subfield code="t">an&#xE1;lisis de la oraci&#xF3;n compuesta --</subfield>
    <subfield code="t">Oraciones y proposiciones --</subfield>
    <subfield code="t">Proposiciones coordinadas --</subfield>
    <subfield code="t">Proposiciones subordinadas --</subfield>
    <subfield code="t">&#xCD;ndice de textos --</subfield>
    <subfield code="t">Bibliograf&#xED;a.</subfield>
  </datafield>
  <datafield tag="590" ind1=" " ind2=" ">
    <subfield code="6">Inventariado, 2021/VM</subfield>
  </datafield>
  <datafield tag="650" ind1=" " ind2="4">
    <subfield code="a">Espa&#xF1;ol </subfield>
    <subfield code="x">Gram&#xE1;tica </subfield>
    <subfield code="x">Estudios y ense&#xF1;anza</subfield>
  </datafield>
  <datafield tag="650" ind1=" " ind2="4">
    <subfield code="a">Espa&#xF1;ol </subfield>
    <subfield code="x">Composicio&#xF3;n y ejercicios </subfield>
  </datafield>
  <datafield tag="650" ind1=" " ind2="4">
    <subfield code="a">Espa&#xF1;ol </subfield>
    <subfield code="x">Morfosintaxis </subfield>
  </datafield>
  <datafield tag="650" ind1=" " ind2="4">
    <subfield code="a">Espa&#xF1;ol </subfield>
    <subfield code="x">Sintaxis </subfield>
  </datafield>
  <datafield tag="650" ind1=" " ind2="4">
    <subfield code="a">Espa&#xF1;ol </subfield>
    <subfield code="x">Morfolog&#xED;a </subfield>
  </datafield>
  <datafield tag="700" ind1="1" ind2="2">
    <subfield code="a">N&#xFA;&#xF1;ez, Rafael</subfield>
  </datafield>
  <datafield tag="700" ind1="1" ind2="2">
    <subfield code="a">Santos, Julio de los</subfield>
  </datafield>
  <datafield tag="910" ind1=" " ind2=" ">
    <subfield code="a">VMateo / Validado. Control de calidad BNPHU</subfield>
  </datafield>
  <datafield tag="930" ind1=" " ind2="1">
    <subfield code="l"> </subfield>
    <subfield code="m"> </subfield>
    <subfield code="h"> </subfield>
    <subfield code="8"> </subfield>
    <subfield code="f"> </subfield>
    <subfield code="p"> </subfield>
    <subfield code="h"> </subfield>
  </datafield>
  <datafield tag="930" ind1=" " ind2="1">
    <subfield code="l"> </subfield>
    <subfield code="m"> </subfield>
    <subfield code="h"> </subfield>
    <subfield code="8"> </subfield>
    <subfield code="f"> </subfield>
    <subfield code="p"> </subfield>
    <subfield code="h"> </subfield>
  </datafield>
  <datafield tag="942" ind1=" " ind2=" ">
    <subfield code="2">ddc</subfield>
    <subfield code="c">BK</subfield>
  </datafield>
  <datafield tag="945" ind1=" " ind2=" ">
    <subfield code="a"> </subfield>
  </datafield>
  <datafield tag="952" ind1=" " ind2=" ">
    <subfield code="0">0</subfield>
    <subfield code="1">0</subfield>
    <subfield code="2">ddc</subfield>
    <subfield code="4">0</subfield>
    <subfield code="7">0</subfield>
    <subfield code="8">CD</subfield>
    <subfield code="a">BPMET</subfield>
    <subfield code="b">BPMET</subfield>
    <subfield code="d">2015-07-22</subfield>
    <subfield code="e">Donado </subfield>
    <subfield code="l">0</subfield>
    <subfield code="o">BPMSU CD 465 G216m  2006</subfield>
    <subfield code="p">BPMSU15070329</subfield>
    <subfield code="r">2015-07-22</subfield>
    <subfield code="w">2015-07-22</subfield>
    <subfield code="y">BK</subfield>
  </datafield>
  <datafield tag="952" ind1=" " ind2=" ">
    <subfield code="0">0</subfield>
    <subfield code="1">0</subfield>
    <subfield code="2">ddc</subfield>
    <subfield code="4">0</subfield>
    <subfield code="7">0</subfield>
    <subfield code="8">CD</subfield>
    <subfield code="a">BPMET</subfield>
    <subfield code="b">BPMET</subfield>
    <subfield code="d">2015-07-22</subfield>
    <subfield code="e">Donado </subfield>
    <subfield code="l">0</subfield>
    <subfield code="o">BPMSU CD 465 G216m  2006</subfield>
    <subfield code="p">BPMSU15070330</subfield>
    <subfield code="r">2015-07-22</subfield>
    <subfield code="t">e. 2</subfield>
    <subfield code="w">2015-07-22</subfield>
    <subfield code="y">BK</subfield>
  </datafield>
  <datafield tag="952" ind1=" " ind2=" ">
    <subfield code="0">0</subfield>
    <subfield code="1">0</subfield>
    <subfield code="2">ddc</subfield>
    <subfield code="4">0</subfield>
    <subfield code="7">0</subfield>
    <subfield code="8">CD</subfield>
    <subfield code="a">BPMET</subfield>
    <subfield code="b">BPMET</subfield>
    <subfield code="d">2015-07-22</subfield>
    <subfield code="e">Donaci&#xF3;n</subfield>
    <subfield code="l">0</subfield>
    <subfield code="o">BPMSU CD 465 G216m  2006</subfield>
    <subfield code="p">BPMSU15070331</subfield>
    <subfield code="r">2015-07-22</subfield>
    <subfield code="t">e. 3</subfield>
    <subfield code="w">2015-07-22</subfield>
    <subfield code="y">BK</subfield>
  </datafield>
  <datafield tag="956" ind1=" " ind2=" ">
    <subfield code="a"> </subfield>
    <subfield code="b"> </subfield>
    <subfield code="c"> </subfield>
    <subfield code="l"> </subfield>
    <subfield code="h"> </subfield>
  </datafield>
  <datafield tag="956" ind1=" " ind2=" ">
    <subfield code="a"> </subfield>
    <subfield code="b"> </subfield>
    <subfield code="c"> </subfield>
    <subfield code="l"> </subfield>
    <subfield code="h"> </subfield>
  </datafield>
  <datafield tag="999" ind1=" " ind2=" ">
    <subfield code="c">7999</subfield>
    <subfield code="d">7999</subfield>
  </datafield>
</record>
